000 01036nam a2200265Ia 4500
001 ebr10392001
003 CaPaEBR
006 m u
007 cr cn|||||||||
008 100118s2010 ctu s 000 0 eng d
020 _z9781935212140
040 _aCaPaEBR
_cCaPaEBR
035 _a(OCoLC)732605502
050 1 4 _aJA84.M628
_bS68 2010eb
100 1 _aSoubra, Hani.
245 1 0 _aLetters to Dalia
_h[electronic resource] :
_breflections on Lebanon and the Middle East /
_cHani Soubra.
260 _aWestport, CT :
_bEaston Studio Press,
_c2010.
300 _axvi, 206 p.
533 _aElectronic reproduction.
_bPalo Alto, Calif. :
_cebrary,
_d2010.
_nAvailable via World Wide Web.
_nAccess may be limited to ebrary affiliated libraries.
650 0 _aPolitical science
_zMiddle East.
651 0 _aLebanon
_xHistory.
655 7 _aElectronic books.
_2local
710 2 _aebrary, Inc.
856 4 0 _uhttp://site.ebrary.com/lib/rucke/Doc?id=10392001
_zAn electronic book accessible through the World Wide Web; click to view
999 _c191612
_d191612